000 01089nam a2200349 4500
001 24616
010 _a9789897491283
021 _aPT
_b467983/20
090 _a24616
100 _a20200805d2020 bc y0pory50030103ba
101 1 _apor
102 _aPT
105 _aa z 000fy
106 _ar
200 1 _aCaça-olhares
_fMarina Núñez, Avi Ofer
_gtrad. Elisabete Ramos
210 9 _aMatosinhos
_cKalandraka
_d2020
215 _a[34] p.
_ctodo il.
_d23 cm
225 2 _aLivros para sonhar
304 _aTít. orig.: Atrapamiradas
330 _a«Caça-Olhares» é o espelho da realidade em que muitas crianças se veem amiúde refletidas face a uma sociedade presa aos seus dispositivos móveis. Porém, por mais infinita que seja a oferta de chamadas, mensagens, fotos, música, redes sociais, aplicações e sites por onde navegar, nada é equiparável "às coisas mais maravilhosas" que se podem apreciar, não através de um ecrã, mas graças à retina. A protagonista desta obra, que foi finalista do XII Prémio Internacional Compostela para Álbuns Ilustrados, com autoria de Marina Núñez e Avi Ofer, decide tomar a iniciativa e inverter essa tendência, fazendo com que a comunicacão interpessoal volte a fazer parte da vida quotidiana. Para tal, Vera contará com a ajuda de alguém muito especial, alguém que não sucumbiu aos encantos do digital e que, acima de tudo, dedica o seu tempo ao que éverdadeiramente importante.
606 _aLiteratura infantil
_xConto
675 _a087.5
_vBN
_zpor
675 _a821.134.2-93"20"
_vBN
_zpor
675 _a821.134.2-34"20"
_vBN
_zpor
700 1 _aNúñez
_bMarina
701 1 _aOfer
_bAvi
_4440
702 1 _aRamos
_bElisabete
_4730
801 0 _aPT
_bBEDB
_gRPC
942 _n0
_cMON